| 000 | 00702cam a2200217 a 4500 | ||
|---|---|---|---|
| 001 | 000012223 | ||
| 005 | 20200929162742.0 | ||
| 008 | 970407s2001 mx 001 0 spa | ||
| 020 | _a9685073252 | ||
| 040 |
_aDO-SdBNP _bspa _cLC _dBNPHU |
||
| 082 |
_a370.972 _bL351t |
||
| 100 | 1 |
_aLatapí Sarre, Pablo. _928856 |
|
| 245 | 1 | 0 |
_aTiempo educativo mexicano VII / _cPablo Latapí Sarre. |
| 260 |
_aAguascalientes : _bUniversidad Autónoma de Aguascalientes, _c2001. |
||
| 300 |
_a270 p. ; _c21 cm. |
||
| 650 | 4 |
_aEducación _zMéxico. _928857 |
|
| 650 | 4 |
_aEducación y estado _zMéxico. _928858 |
|
| 650 | 4 |
_aPolítica educativa _zMéxico. _928859 |
|
| 910 | _aCatalogación por copia/LC | ||
| 049 | _aBNGR | ||
| 999 |
_c11887 _d11887 |
||